| 000 | 00646nam a2200253Ia 4500 | ||
|---|---|---|---|
| 003 | OSt | ||
| 005 | 20220925192608.0 | ||
| 006 | a|||||r|||| 00| 0 | ||
| 007 | ta | ||
| 008 | 220923b |||||||| |||| 00| 0 eng d | ||
| 037 | _cGeneral Book | ||
| 040 |
_aRTL _cRTL _beng |
||
| 041 |
_2eng _aeng |
||
| 082 | _aZ,2675, L5 | ||
| 100 | _aNarayanan P | ||
| 245 | 0 | _aTrade marks and passing off | |
| 250 | _a2 | ||
| 260 |
_aCalcutta _bEastern Law House _c1975 |
||
| 300 |
_a1272p _ccm. |
||
| 500 | _aAppendix: P 601-983 | ||
| 650 |
_aLaw _97240 |
||
| 942 |
_hZ,2675, L5 _cGB _2CC |
||
| 999 |
_c522756 _d522756 |
||